| Tag |
First Indicator |
Second Indicator |
Subfields |
| LEADER |
00000cam a2200000Ia 4500 |
| 001 |
in00003514421 |
| 006 |
m o d |
| 007 |
cr bn||||auuua |
| 008 |
081006s1984 gw a ob 001 0 eng d |
| 005 |
20260420205906.5 |
| 020 |
|
|
|a 0387136495
|
| 020 |
|
|
|a 9780387136493
|
| 020 |
|
|
|a 3540136495
|
| 020 |
|
|
|a 9783540136491
|
| 035 |
|
|
|a (OCoLC)261068156
|
| 040 |
|
|
|a YNG
|b eng
|c YNG
|d CSU
|d OCLCQ
|d OCLCF
|d OCLCO
|d UtOrBLW
|
| 049 |
|
|
|a TXAM
|
| 050 |
|
4 |
|a QD461
|b .S92 v.58eb
|
| 245 |
0 |
0 |
|a Siderophores from microorganisms and plants /
|c with contributions by A. Chimiak [and others].
|
| 264 |
|
1 |
|a Berlin ;
|a New York :
|b Springer-Verlag,
|c 1984.
|
| 300 |
|
|
|a 1 online resource (vii, 143 pages) :
|b illustrations
|
| 336 |
|
|
|a text
|b txt
|2 rdacontent
|
| 337 |
|
|
|a computer
|b c
|2 rdamedia
|
| 338 |
|
|
|a online resource
|b cr
|2 rdacarrier
|
| 490 |
1 |
|
|a Structure and bonding,
|v 58
|
| 504 |
|
|
|a Includes bibliographical references and index.
|
| 500 |
|
|
|a "With 35 figures and 16 tables."
|
| 588 |
|
|
|a Description based on print version record.
|
| 500 |
|
|
|a Electronic resource.
|
| 650 |
|
0 |
|a Iron compounds.
|
| 650 |
|
0 |
|a Biological transport.
|
| 650 |
|
0 |
|a Microorganisms.
|
| 650 |
|
0 |
|a Chemical bonds.
|
| 650 |
|
7 |
|a Biological transport.
|2 fast
|0 (OCoLC)fst00832345
|
| 650 |
|
7 |
|a Chemical bonds.
|2 fast
|0 (OCoLC)fst00852856
|
| 650 |
|
7 |
|a Iron compounds.
|2 fast
|0 (OCoLC)fst00979190
|
| 650 |
|
7 |
|a Microorganisms.
|2 fast
|0 (OCoLC)fst01019928
|
| 655 |
|
7 |
|a Electronic books.
|2 local
|
| 700 |
1 |
|
|a Chimiak, A.
|
| 710 |
2 |
|
|a SpringerLink (Online service)
|
| 776 |
1 |
|
|t Siderophores from microorganisms and plants
|w (OCoLC)11680510
|
| 830 |
|
0 |
|a Structure and bonding ;
|v 58.
|
| 856 |
4 |
0 |
|u http://proxy.library.tamu.edu/login?url=https://link.springer.com/10.1007/BFb0111308
|z Connect to the full text of this electronic book
|t 0
|
| 994 |
|
|
|a 92
|b TXA
|
| 999 |
|
|
|a MARS
|
| 999 |
f |
f |
|s 8fbb8d64-bebc-3cd7-8566-8291dab42647
|i 2448f82b-de27-3654-9ee8-cd9444416495
|t 0
|
| 952 |
f |
f |
|a Texas A&M University
|b College Station
|c Electronic Resources
|s www_evans
|d Available Online
|t 0
|e QD461 .S92 v.58eb
|h Library of Congress classification
|
| 998 |
f |
f |
|a QD461 .S92 v.58eb
|t 0
|l Available Online
|